Vonku mal problémy s orientáciou, začal sa báť každého obrubníka slabozraký lyžiar Radomír Dudáš má z paralympiád dve medaily, túži ešte po zlatej

Podrobná bibliografia
Hlavný autor: Matia, Bohuš (Autor)
Médium: Článok
Jazyk:slovenčina
Fyzický popis:Obr.
Predmet:

MARC

LEADER 00000nab a2200000 a 4500
001 vtls001522180
003 SK-MaSNL
005 20260303094629.0
008 160322 2005 xo r r 000 0 slo
015 |a KEVKJB2005 
040 |a KEVKJB  |b slo  |c KEVKJB  |e AACR2 
041 0 |a slo 
044 |a xo  |c SK 
080 |a 796.92-056.26  |2 UDC-MRF-SK2 
080 |a 929 Dudáš, Radomír  |2 UDC-MRF-SK2 
100 1 |a Matia, Bohuš  |4 aut  |9 538114 
245 1 0 |a Vonku mal problémy s orientáciou, začal sa báť každého obrubníka  |b slabozraký lyžiar Radomír Dudáš má z paralympiád dve medaily, túži ešte po zlatej  |c Bohuš Matia 
300 |b Obr. 
600 1 7 |a Dudáš, Radomír  |2 kevkjb  |9 1107077 
650 0 7 |a športovci telesne postihnutí  |2 kevkjb  |9 877310 
650 0 7 |a slabozrakí  |2 kevkjb  |9 29997 
651 7 |a Košice (Slovensko)  |2 kevkjb  |9 18694 
773 0 |t Košický večer  |g Roč. 16 (37), č. 13 (1.4.2005), s. 13 
852 |a KEVKJB  |b KIS3GCP 
958 |a BX 
999 |c 1821749  |d 1823679